000 00543cam a2200169 i 4500
005 20260108123611.0
008 250721s1988 enk gr 000 0 ara d
082 1 4 _a296
_bص ل ي
100 1 _aالصليبي، كمال
_eمؤلف.
245 1 0 _aخفايا التوراة وأسرار شعب إسرائيل /
_cكمال الصليبي.
264 3 1 _bدار السامي،
_c1988.
_aلندن :
300 _a288 صفحة.
650 1 7 _aاليهودية.
650 1 7 _aالتوراة.
942 _2ddc
_cBK
999 _c57466
_d57466